Lady Gaga - Une lettre, une chanson - Statistiques

Statistiques générales
  • Ce quiz a été pris 525 fois
  • Le résultat moyen est 12 sur 25
Statistiques - réponses
Lettres Chansons % Correct
A Abracadabra / Again Again / Alejandro / Alice / Always Remember Us This Way / Americano / Angel Down / Anything Goes / Applause / ARTPOP / Aura / A-YO
97%
B Babylon / Bad Kids / Bad Romance / The Beast / Beautiful, Dirty, Rich / Before I Cry / Bewitched / Black Jesus † Amen Fashion / Blade of Grass / Bloody Mary / Born This Way / Boys Boys Boys / Brown Eyes / But Beautiful
95%
P Paparazzi / Paper Gangsta / Perfect Celebrity / Perfect Illusion / Poker Face / Plastic Doll
86%
J Jewels N' Drugs / Joanne / John Wayne / The Joker / Judas / Just Another Day / Just Dance
85%
S Santa Claus is Coming to Town / Scheiße / Sexxx Dreams / Shadow of a Man / Shallow / Shape of a Woman / Sine from Above / Sinner's Prayer / Smile / So Happy I Could Die / Sophisticated / Sour Candy / Speechless / Starstruck / Stupid Love / Summerboy / Swine
79%
D Dance in the Dark / Dancin' In Circles / Diamond Heart / Die with a Smile / Diggin' My Grave / Disco Heaven / Disease / Do I Love You? / Donatella / Don't Call Tonight / Don't Wait Too Long / Dope / Do What U Want / Dream Dancing
74%
T Teeth / Telephone / That's Entertainment / That's Life / They All Laughed / Til It Happens to You
64%
M MANiCURE / Marry the Night / Mary Jane Holland / Million Reasons / Money Honey / Monster / Music to My Eyes
62%
G Garden of Eden / Get Happy / Gonna Build a Mountain / Good Morning / Goody Goody / Government Hooker / Grigio Girls / G.U.Y. / Gypsy
58%
L La Vie en rose / Let's Do It / Let's Face the Music and Dance / Look What I Found / LoveDrug / Love for Sale / LoveGame / Love Me Right / Lush Life
55%
E The Edge of Glory / Eh, Eh (Nothing Else I Can Say) / Electric Chapel / Enigma / Ev'ry Time We Say Goodbye
53%
H Hair / Hair Body Face / Happy Mistake / Heal Me / Heavy Metal Lover / Hey Girl / Highway Unicorn (Road to Love) / Hold My Hand / How Bad Do U Want Me
51%
F The Fame / Fashion! / Fashion of His Love / Firefly / Folie à Deux / Free Woman / Fun Tonight
47%
V Vanish into You / Venus
47%
R Rain on Me / Replay / Retro, Dance, Freak / Runway
42%
Z Zombieboy
40%
Chiffres 1000 Doves / 911
36%
C Can't Stop the High / Cheek to Cheek / Christmas Tree / Chromatica I / Chromatica II / Chromatica III / Close to You / Come to Mama / The Cure
35%
K Killah / Kill for Love
34%
I I Can't Give You Anything But Love / I Concentrate on You / I Don't Know What Love Is / I Get a Kick Out of You / If My Friends Could See Me Now / I Like It Rough / I'll Never Love Again / Is That Alright? / It Don't Mean a Thing (If It Ain't Got That Swing) / It's De-Lovely / I've Got the World On A String / I've Got You Under My Skin / I Won't Dance
32%
Y Yoü and I / You're the Top / Your Song
32%
Q The Queen
12%
W Why Did You Do That?
5%
N Nature Boy / Night and Day
4%
O Oh, When the Saints
4%
Aucun quiz correspondant
Distribution des résultats
% des personnes avec chaque résultat
Percentile par nombre de réponses
Votre historique - résultats
Vous n’avez pas pris ce quiz